000 02559nam0a2200361 i 4500
001 RU\NLR\BIBL_A\011411757
005 20260405071455.0
010 _a9785974805240
_91500
021 _aRU
_b2017-40483
_92945
035 _a(RuMoRGB)008905487
035 _a(NLR Aleph) 011411757
090 _a11561379
_c11561379
100 _a20170621d2017 u y0rusy50 ca
101 0 _arus
102 _aRU
105 _aa|||j|||000yy
200 1 _aСебестоимость продукции, работ и услуг: бухгалтерская и налоговая
_eкак совместить бухгалтерский учет с налоговым, все отраслевые особенности, комментарии к составу затрат, сложные вопросы, практические примеры, оформление документов
_e[пособие для высших и средних учебных заведений, факультетов и курсов повышения квалификации]
_fГ.Ю. Касьянова
_gАссоциция бухгалтеров, аудиторов и консультантов
205 _aИзд. 3-е, перераб. и доп.
_b[ориг. изд.]
210 _aМосква
_cАБАК
_d2017
215 _a418, [6] с.
_cил.
_d21
225 1 _aНастольная книга
225 1 _aПрактические рекомендации для бухгалтера и руководителя
_fпод общ. ред. Г.Ю. Касьяновой
300 _aНа обл. авт. не указан
320 _aБиблиогр. в подстроч. примеч.
606 1 _aСебестоимость продукции
_jУчебные издания для высших учебных заведений
_xБухгалтерский учет
_yРоссийская Федерация
_92155332
_3RU\NLR\AUTH\661297591
606 1 _aСебестоимость продукции
_jУчебные издания для высших учебных заведений
_xНалоговый учет
_yРоссийская Федерация
_92325535
_3RU\NLR\AUTH\661391018
686 1 _aУ052.9(2)2-148.6я7
686 1 _aУ052.9(2)226.141.3-148.6я7
700 1 _7ca
_8rus
_aКасьянова
_bГ. Ю.
_gГалина Юрьевна
_91040
_3RU\NLR\AUTH\7717956
942 _cBOOK
980 _aNBR